书目信息 |
| 题名: |
规模
|
|
| 作者: | 韦斯特 著 ;张培 译 | |
| 分册: | ||
| 出版信息: | 北京 中信出版集团股份有限公司 2018 |
|
| 页数: | 484页 | |
| 开本: | 24cm | |
| 丛书名: | ||
| 单 册: | ||
| 中图分类: | G304 | |
| 科图分类: | ||
| 主题词: | 科学逻辑--ke xue luo ji | |
| 电子资源: | ||
| ISBN: | 978-7-5086-8789-6 | |
| 000 | 01142nam0 2200265 450 | |
| 001 | 1935534260 | |
| 005 | 20180716120906.4 | |
| 010 | @a978-7-5086-8789-6@b精装@dCNY 98.00 | |
| 099 | @aCAL 012018090953 | |
| 100 | @a20180716d2018 em y0chiy50 ea | |
| 101 | 1 | @achi@ceng |
| 102 | @aCN@b110000 | |
| 105 | @aa z 000yy | |
| 200 | 1 | @a规模@Agui mo@e复杂世界的简单法则@f(英) 杰弗里·韦斯特著@d= Scale@ethe universal laws of growth, innovation, sustainability, and the pace of life in organisms, cities, economies, and companies@fGeoffrey West@g张培译@zeng |
| 210 | @a北京@c中信出版集团股份有限公司@d2018 | |
| 215 | @a484页@c图@d24cm@e《规模解读本》1册 (69页 ; 23cm) | |
| 306 | @a本书限中国大陆发行 | |
| 500 | 10 | @aScale : the universal laws of growth, innovation, sustainability, and the pace of life in organisms, cities, economies, and companies@mChinese |
| 517 | 1 | @a复杂世界的简单法则@Afu za shi jie de jian dan fa ze |
| 606 | 0 | @a科学逻辑@Ake xue luo ji |
| 690 | @aG304@v5 | |
| 701 | 1 | @a韦斯特@Awei si te@g(West, Geoffrey),@f1940-@4著 |
| 702 | 0 | @a张培@Azhang pei@4译 |
| 801 | 0 | @aCN@bZSU@c20180716 |
| 905 | @aBZT@dG304@e2-1 | |
| 规模:复杂世界的简单法则/(英) 杰弗里·韦斯特著= Scale:the universal laws of growth, innovation, sustainability, and the pace of life in organisms, cities, economies, and companies/Geoffrey West/张培译.-北京:中信出版集团股份有限公司,2018 |
| 484页:图;24cm+《规模解读本》1册 (69页 ; 23cm) |
| ISBN 978-7-5086-8789-6(精装):CNY 98.00 |
| ● |
| 相关链接 |
|
|
|
正题名:规模
索取号:G304/2-1
 
预约/预借
| 序号 | 登录号 | 条形码 | 馆藏地/架位号 | 状态 | 备注 |
| 1 | 866419 | 2000866419 | 第二书库/ [索取号:G304/2-1] | 在馆 | |
| 2 | 866420 | 2000866420 | 第二书库/ [索取号:G304/2-1] | 在馆 | |
| 3 | 866421 | 2000866421 | 第二书库/ [索取号:G304/2-1] | 在馆 |